Quiz do Montenegro - Statistics

Estatísticas Gerais
  • Esse quiz foi jogado 578 vezes
  • A pontuação média é 12 de 19
Estatísticas das Respostas
Dica Resposta % Correto
Países fazendo fronteira com o Montenegro Sérvia
91%
Países fazendo fronteira com o Montenegro Albânia
90%
Países fazendo fronteira com o Montenegro Bósnia e Herzegovina
90%
Países fazendo fronteira com o Montenegro Croácia
89%
Países fazendo fronteira com o Montenegro Kosovo
89%
País do qual o Montenegro fazia parte entre 1918 a 1992 Jugoslávia
80%
Império que controlou partes do Montenegro de 1496 a 1878 Império Otomano
75%
Aliança militar onde o Montenegro entrou em 2017 OTAN
74%
Capital Podgorica
72%
Península onde está o Montenegro Bálcãs
70%
Animal de duas cabeças que aparece na bandeira Águia
67%
Parte do Mediterrâneo que o Montenegro faz fronteira Mar {Adriático}
59%
Língua oficial Montenegrino
52%
O Montenegro entrou na ONU em 2006. Qual é o único país a entrar na ONU mais recentemente? Sudão do Sul
48%
Cidade-estado italiana que governou a baía acima entre 1420 a 1797 Veneza
41%
Antigo nome do acima entre 1946 a 1992, em homenagem a um ditador {Tito}grado
35%
Maior baía, Património Mundial da UNESCO Bocas de {Cattaro}
18%
Maior lago no sul da Europa Lago Escútare
14%
Antiga capital entre 1910 e 1918 Cetinje
12%
Nenhum quiz correspondente encontrado
Distribuição das Pontuações
Porcentagem de Pessoas com Cada Pontuação
Percentil de Números Respondidos
Sua Pontuação Histórica
Você não jogou esse quiz